[Event "WTCC-65 2018"]
[Site "Radebeul"]
[Date "2018.07.15"]
[Round "9"]
[White "Stebbings, Anthony J"]
[Black "Shushpanov, Vladimir"]
[Result "1/2-1/2"]
[WhiteElo "2257"]
[BlackElo "2198"]
[Annotator "NA"]
[PlyCount "102"]
[EventDate "2018.07.07"]
[EventType "team-tourn"]
[EventCountry "GER"]
[SourceTitle "playchess.com"]
[Source "ChessBase"]
[SourceQuality "1"]
[TimeControl "40/5400+30:1800+30"]

1. e4 {[%emt 0:00:00]} c5 {[%emt 0:00:00]} 2. Nf3 {[%emt 0:00:00]} g6 {[%emt 0:00:00]} 3. d4 {[%emt 0:00:00]} Bg7 {[%emt 0:00:00]} 4. dxc5 {[%emt 0:00:55]} Qa5+ {[%emt 0:00:14]} 5. c3 {[%emt 0:00:14]} Qxc5 {[%emt 0:00:13]} 6. Na3 {[%emt 0:00:37]} d6 {[%emt 0:02:39]} 7. Nb5 {[%emt 0:00:56]} a6 {[%emt 0:05:14]} 8. Be3 {[%emt 0:03:09]} Qc6 {[%emt 0:02:07]} 9. Na7 {[%emt 0:01:18]} Qc7 {[%emt 0:01:16]} 10. Nxc8 {[%emt 0:00:13]} Qxc8 {[%emt 0:00:14]} 11. Be2 {[%emt 0:23:53]} Nc6 {[%emt 0:02:50]} 12. Nd4 {[%emt 0:07:05]} Nf6 {[%emt 0:01:54]} 13. f3 {[%emt 0:00:30]} O-O {[%emt 0:02:34]} 14. O-O Ne5 {[%emt 0:00:41]} 15. a4 {[%emt 0:08:41]} Nc4 {[%emt 0:03:50]} 16. Bxc4 {[%emt 0:03:02]} Qxc4 {[%emt 0:00:14]} 17. Qd2 {[%emt 0:04:41]} Rac8 {[%emt 0:01:10]} 18. Rfc1 {[%emt 0:00:19]} Rfd8 {[%emt 0:02:37]} 19. b3 {[%emt 0:00:30]} Qc7 {[%emt 0:00:21]} 20. c4 {[%emt 0:00:10]} Nd7 {[%emt 0:00:51]} 21. a5 {[%emt 0:02:01]} Ne5 {[%emt 0:08:27]} 22. Ra2 {[%emt 0:07:33]} Qd7 {[%emt 0:05:07]} 23. Ne2 {[%emt 0:01:16]} Nc6 {[%emt 0:04:39]} 24. Nc3 {[%emt 0:02:54]} Qe6 {[%emt 0:09:32]} 25. Nd5 {[%emt 0:01:20]} Kf8 {[%emt 0:01:26]} 26. b4 {[%emt 0:02:13]} Ne5 {[%emt 0:01:33]} 27. Rac2 {[%emt 0:01:03]} Nd7 {[%emt 0:06:18]} 28. Nb6 {[%emt 0:05:29]} Nxb6 {[%emt 0:00:25]} 29. Bxb6 {[%emt 0:00:24]} Rd7 {[%emt 0:03:14]} 30. Qd5 {[%emt 0:02:22]} Qe5 {[%emt 0:01:05]} 31. Qxe5 {[%emt 0:13:22]} Bxe5 {[%emt 0:00:56]} 32. Kf2 {[%emt 0:01:01]} f5 {[%emt 0:02:05]} 33. exf5 {[%emt 0:01:12]} gxf5 {[%emt 0:00:03]} 34. g3 {[%emt 0:02:18]} Kf7 {[%emt 0:00:25]} 35. Ke3 {[%emt 0:00:33]} h5 {[%emt 0:00:54]} 36. Bd4 {[%emt 0:00:59]} Ke6 {[%emt 0:02:12]} 37. Bxe5 {[%emt 0:01:39]} Kxe5 {[%emt 0:01:39]} 38. f4+ {[%emt 0:01:04]} Kf6 {[%emt 0:01:56]} 39. Rd1 {[%emt 0:02:49]} Rdc7 {[%emt 0:00:39]} 40. Rd4 {[%emt 0:00:41]} h4 {[%emt 0:00:23]} 41. Kf3 {[%emt 0:04:12]} Rc6 {[%emt 0:02:19]} 42. g4 {[%emt 0:11:17]} e5 {[%emt 0:02:23]} 43. g5+ {[%emt 0:04:46]} Ke6 {[%emt 0:00:34]} 44. fxe5 {[%emt 0:00:09]} dxe5 {[%emt 0:00:20]} 45. Rxh4 {[%emt 0:00:13]} f4 46. Kg4 Rxc4 47. Rxc4 Rxc4 48. Rh6+ Kd5 49. Rb6 Ke4 50. Rxb7 f3 51. g6 f2 1/2-1/2

[Event "WTCC-65 2018"]
[Site "Radebeul"]
[Date "2018.07.15"]
[Round "9"]
[White "Kierzek, Matthias"]
[Black "Dekan, Hans"]
[Result "0-1"]
[WhiteElo "2247"]
[BlackElo "2134"]
[Annotator "NA"]
[PlyCount "84"]
[EventDate "2018.07.07"]
[EventType "team-tourn"]
[EventCountry "GER"]
[SourceTitle "playchess.com"]
[Source "ChessBase"]
[SourceQuality "1"]
[TimeControl "40/5400+30:1800+30"]

1. d4 {[%emt 0:00:00]} d5 {[%emt 0:00:00]} 2. c4 {[%emt 0:00:00]} c6 {[%emt 0:00:17]} 3. Nf3 {[%emt 0:00:00]} Nf6 {[%emt 0:00:37]} 4. Nc3 {[%emt 0:00:15]} e6 {[%emt 0:00:43]} 5. Bg5 {[%emt 0:00:14]} Be7 {[%emt 0:00:09]} 6. e3 {[%emt 0:00:11]} O-O {[%emt 0:00:25]} 7. Bd3 {[%emt 0:01:15]} Nbd7 {[%emt 0:00:25]} 8. O-O {[%emt 0:00:40]} dxc4 {[%emt 0:00:33]} 9. Bxc4 {[%emt 0:00:05]} Nd5 {[%emt 0:00:06]} 10. Bxe7 {[%emt 0:00:20]} Qxe7 {[%emt 0:00:16]} 11. Rc1 {[%emt 0:00:53]} Nxc3 {[%emt 0:02:25]} 12. Rxc3 {[%emt 0:00:07]} b6 {[%emt 0:00:22]} 13. Qc2 {[%emt 0:06:48]} Bb7 {[%emt 0:13:34]} 14. Bd3 {[%emt 0:01:31]} f5 {[%emt 0:00:29]} 15. Rc1 {[%emt 0:18:49]} Rac8 {[%emt 0:03:51]} 16. Qe2 {[%emt 0:07:22]} e5 {[%emt 0:11:24]} 17. Ba6 {[%emt 0:05:32]} Bxa6 {[%emt 0:00:36]} 18. Qxa6 {[%emt 0:00:03]} e4 {[%emt 0:00:08]} 19. Nd2 {[%emt 0:01:20]} Nb8 {[%emt 0:00:15]} 20. Qa4 {[%emt 0:12:41]} Rcd8 {[%emt 0:02:52]} 21. Qa3 {[%emt 0:05:22]} c5 {[%emt 0:10:30]} 22. Nb3 {[%emt 0:01:25]} f4 {[%emt 0:00:26]} 23. dxc5 {[%emt 0:02:34]} f3 {[%emt 0:00:16]} 24. c6 {[%emt 0:03:52]} Qg5 {[%emt 0:00:30]} 25. g3 {[%emt 0:00:07]} Qg4 {[%emt 0:00:47]} 26. Qa4 {[%emt 0:00:40]} Kh8 {[%emt 0:02:06]} 27. Qc4 {[%emt 0:18:07]} Rd3 {[%emt 0:00:30]} 28. Kf1 {[%emt 0:03:22]} Qh3+ {[%emt 0:02:55]} 29. Ke1 {[%emt 0:00:01]} Qxh2 {[%emt 0:00:46]} 30. Rxd3 {[%emt 0:00:31]} Qg1+ {[%emt 0:00:14]} 31. Kd2 {[%emt 0:00:05]} Qxf2+ {[%emt 0:00:07]} 32. Kc3 {[%emt 0:00:28]} exd3 {[%emt 0:04:22]} 33. c7 {[%emt 0:01:27]} Qxe3 {[%emt 0:06:11]} 34. Qd4 {[%emt 0:01:25]} Qe8 {[%emt 0:05:08]} 35. cxb8=Q {[%emt 0:00:58]} Qxb8 {[%emt 0:00:05]} 36. Qxd3 {[%emt 0:01:26]} Qxg3 {[%emt 0:05:40]} 37. Kb4 {[%emt 0:03:12]} Qe5 {[%emt 0:01:17]} 38. Qd4 {[%emt 0:02:03]} a5+ {[%emt 0:02:00]} 39. Ka4 {[%emt 0:00:39]} Qxd4+ {[%emt 0:00:49]} 40. Nxd4 {[%emt 0:00:03]} f2 {[%emt 0:00:05]} 41. Rf1 {[%emt 0:32:08]} Rf4 {[%emt 0:30:08]} 42. Kb5 {[%emt 0:00:14]} Rxd4 {[%emt 0:00:11]} 0-1

[Event "WTCC-65 2018"]
[Site "Radebeul"]
[Date "2018.07.15"]
[Round "9"]
[White "Nehmert, Ulrich"]
[Black "Schmidt, Bodo"]
[Result "1-0"]
[WhiteElo "2220"]
[BlackElo "2344"]
[Annotator "NA"]
[PlyCount "69"]
[EventDate "2018.07.07"]
[EventType "team-tourn"]
[EventCountry "GER"]
[SourceTitle "playchess.com"]
[Source "ChessBase"]
[SourceQuality "1"]
[TimeControl "40/5400+30:1800+30"]

1. d4 {[%emt 0:00:00]} d5 {[%emt 0:00:00]} 2. c4 {[%emt 0:00:57]} c6 {[%emt 0:00:00]} 3. cxd5 {[%emt 0:00:20]} cxd5 {[%emt 0:00:00]} 4. Nc3 {[%emt 0:00:02]} Nf6 {[%emt 0:00:03]} 5. Bf4 {[%emt 0:00:25]} Nc6 {[%emt 0:00:24]} 6. Nf3 {[%emt 0:00:14]} Bf5 {[%emt 0:00:13]} 7. a3 {[%emt 0:02:24]} e6 {[%emt 0:02:45]} 8. e3 {[%emt 0:05:14]} Be7 {[%emt 0:01:04] D14: Damengambit (Slawische Verteidigung, Abtauschvariante)} (8... Rc8 9. Bd3 Bxd3 10. Qxd3 Bd6 11. Bxd6 Qxd6 12. O-O O-O 13. Rfc1 Na5 14. Ne2 Ne4 15. Nc3 Nxc3 16. Rxc3 Rxc3 17. Qxc3 {½-½ (31) Kirk,E (2420)-Fantinel,T (2406) Hossegor 2018}) 9. Be2 {[%emt 0:01:34]} O-O {[%emt 0:00:40]} 10. h3 {[%emt 0:02:00]} Na5 $146 {[%emt 0:01:41]} ({Vorgänger:} 10... Rc8 11. Rc1 Qb6 12. Na4 Qa5+ 13. Kf1 b5 14. Nc5 Ne4 15. Nxe4 Bxe4 16. Nd2 {0-1 (39) Gunajew,R (2295)-Stachanczyk,J (2227) Dresden 2013}) 11. O-O {[%emt 0:17:26]} Qb6 {[%emt 0:12:11]} 12. b4 {[%emt 0:08:16]} Nc4 {[%emt 0:01:13]} 13. Ne5 {[%emt 0:00:08]} Rfc8 {[%emt 0:04:35]} 14. g4 {[%emt 0:12:00]} Bg6 {[%emt 0:18:48]} 15. Bxc4 {[%emt 0:10:57]} dxc4 {[%emt 0:00:17]} 16. h4 {[%emt 0:00:05]} Nd5 {[%emt 0:16:52]} 17. Nxd5 {[%emt 0:02:52]} exd5 {[%emt 0:03:02]} 18. h5 {[%emt 0:00:03]} f6 {[%emt 0:03:42]} 19. Nxg6 {[%emt 0:10:17]} hxg6 {[%emt 0:00:10]} 20. Qf3 {[%emt 0:00:02]} Qe6 {[%emt 0:01:19]} 21. hxg6 {[%emt 0:00:09]} f5 {[%emt 0:01:24]} 22. g5 {[%emt 0:01:18]} Kf8 {[%emt 0:00:45]} 23. Qh5 {[%emt 0:02:07]} Ke8 {[%emt 0:04:15]} 24. Be5 {[%emt 0:06:10]} Bf8 {[%emt 0:04:03]} 25. e4 {[%emt 0:06:38]} dxe4 {[%emt 0:04:06]} 26. f3 {[%emt 0:00:29]} Kd7 {[%emt 0:09:59]} 27. fxe4 {[%emt 0:04:07]} fxe4 {[%emt 0:00:02]} 28. Rf7+ {[%emt 0:00:58]} Kc6 {[%emt 0:00:02]} 29. b5+ {[%emt 0:01:29]} Kb6 {[%emt 0:02:55]} 30. a4 {[%emt 0:00:03]} c3 {[%emt 0:02:59]} 31. Bc7+ {[%emt 0:02:53]} Rxc7 {[%emt 0:00:47]} 32. a5+ Kxb5 {[%emt 0:00:49]} 33. Rxc7 {[%emt 0:00:08]} Qd5 {[%emt 0:02:01]} 34. Qe2+ {[%emt 0:00:57]} Kb4 {[%emt 0:00:04]} 35. Rxb7+ {[%emt 0:00:31]} 1-0

[Event "WTCC-65 2018"]
[Site "Radebeul"]
[Date "2018.07.15"]
[Round "9"]
[White "Wahlbom, Magnus"]
[Black "Maes, Valeer"]
[Result "1/2-1/2"]
[WhiteElo "2172"]
[BlackElo "2088"]
[Annotator "NA"]
[PlyCount "52"]
[EventDate "2018.07.07"]
[EventType "team-tourn"]
[EventCountry "GER"]
[SourceTitle "playchess.com"]
[Source "ChessBase"]
[SourceQuality "1"]
[TimeControl "40/5400+30:1800+30"]

1. e4 {[%emt 0:00:00]} e6 {[%emt 0:00:00]} 2. d4 {[%emt 0:00:09]} d5 {[%emt 0:00:00]} 3. Nc3 {[%emt 0:00:20]} Nc6 {[%emt 0:00:00]} 4. Nf3 {[%emt 0:00:34]} Nf6 {[%emt 0:00:07]} 5. exd5 {[%emt 0:03:47]} exd5 {[%emt 0:00:13]} 6. Bb5 {[%emt 0:00:12]} Bb4 {[%emt 0:01:20]} 7. O-O {[%emt 0:03:43]} O-O {[%emt 0:00:28]} 8. Bg5 {[%emt 0:03:55]} Bxc3 {[%emt 0:01:59]} 9. bxc3 {[%emt 0:00:14]} Qd6 {[%emt 0:00:37]} 10. Bxf6 {[%emt 0:10:57]} Qxf6 {[%emt 0:00:37]} 11. h3 a6 {[%emt 0:08:38]} 12. Bd3 {[%emt 0:12:19]} Bf5 {[%emt 0:03:26]} 13. Rb1 {[%emt 0:04:43]} Bxd3 {[%emt 0:15:16]} 14. cxd3 {[%emt 0:01:31]} b6 {[%emt 0:02:15]} 15. Re1 {[%emt 0:04:35]} Rfd8 {[%emt 0:03:32]} 16. Re3 {[%emt 0:04:22]} g6 {[%emt 0:07:21]} 17. Qd2 {[%emt 0:01:37]} Re8 {[%emt 0:04:50]} 18. Rbe1 {[%emt 0:03:39]} Rxe3 {[%emt 0:04:08]} 19. Qxe3 {[%emt 0:00:18]} Kg7 {[%emt 0:02:17]} 20. Nh2 {[%emt 0:02:17]} h5 {[%emt 0:05:22]} 21. Qg3 {[%emt 0:06:56]} Qd6 {[%emt 0:02:13]} 22. Qe3 {[%emt 0:08:54]} Qf6 {[%emt 0:01:32]} 23. Nf3 {[%emt 0:00:57]} Rd8 {[%emt 0:01:14]} 24. h4 {[%emt 0:02:13]} Rd7 {[%emt 0:00:53]} 25. Qe8 {[%emt 0:03:06]} Rd8 {[%emt 0:02:11]} 26. Qe3 {[%emt 0:00:12]} Rd7 {[%emt 0:00:07]} 1/2-1/2

[Event "WTCC-65 2018"]
[Site "Radebeul"]
[Date "2018.07.15"]
[Round "9"]
[White "Sandmeier, Toni"]
[Black "Ackermann, Hans Werner"]
[Result "1/2-1/2"]
[WhiteElo "2159"]
[BlackElo "2267"]
[Annotator "NA"]
[PlyCount "25"]
[EventDate "2018.07.07"]
[EventType "team-tourn"]
[EventCountry "GER"]
[SourceTitle "playchess.com"]
[Source "ChessBase"]
[SourceQuality "1"]
[TimeControl "40/5400+30:1800+30"]

1. c4 {[%emt 0:00:00]} b6 {[%emt 0:00:00]} 2. Nc3 {[%emt 0:00:55]} Bb7 {[%emt 0:00:00]} 3. e4 {[%emt 0:02:00]} e5 {[%emt 0:00:00]} 4. Nf3 {[%emt 0:00:10]} Nc6 {[%emt 0:00:00]} 5. d4 {[%emt 0:03:53]} exd4 {[%emt 0:01:49]} 6. Nxd4 {[%emt 0:00:14]} Bb4 {[%emt 0:00:07]} 7. Nde2 {[%emt 0:06:59]} Nf6 {[%emt 0:03:18]} 8. a3 {[%emt 0:00:50]} Be7 {[%emt 0:00:20]} 9. Ng3 {[%emt 0:04:52]} O-O {[%emt 0:09:17]} 10. Be2 {[%emt 0:00:22]} Re8 {[%emt 0:00:48]} 11. O-O {[%emt 0:02:12]} Bc5 {[%emt 0:01:56]} 12. Kh1 {[%emt 0:04:11]} a5 {[%emt 0:03:06]} 13. f3 {[%emt 0:02:54]} 1/2-1/2

[Event "WTCC-65 2018"]
[Site "Radebeul"]
[Date "2018.07.15"]
[Round "9"]
[White "Krauseneck, Peter"]
[Black "Romcovici, Victor"]
[Result "1/2-1/2"]
[WhiteElo "2147"]
[BlackElo "2114"]
[Annotator "NA"]
[PlyCount "162"]
[EventDate "2018.07.07"]
[EventType "team-tourn"]
[EventCountry "GER"]
[SourceTitle "playchess.com"]
[Source "ChessBase"]
[SourceQuality "1"]
[TimeControl "40/5400+30:1800+30"]

1. d4 {[%emt 0:11:29]} d5 {[%emt 0:00:00]} 2. Nc3 {[%emt 0:00:02]} Nf6 {[%emt 0:00:00]} 3. Bf4 {[%emt 0:00:02]} Bf5 {[%emt 0:02:45] D00: 1 d4 d5: Unusual lines} (3... e6 4. Nb5 Na6 5. e3 c6 6. Nc3 Nc7 7. Nf3 Bd6 8. Ne5 O-O 9. Qf3 Bb4 10. Bd3 Nb5 11. O-O Nxc3 12. bxc3 Bxc3 {0-1 (33) Jobava,B (2690)-Anand,V (2782) Riadh 2017}) 4. f3 {[%emt 0:00:11]} e6 {[%emt 0:00:37]} 5. e3 {[%emt 0:02:05]} h6 {[%emt 0:03:24]} 6. g4 {[%emt 0:03:18]} Bh7 {[%emt 0:00:11]} 7. Bd3 {[%emt 0:00:04]} Bd6 $146 {[%emt 0:00:28]} ({Predecessor:} 7... Bxd3 8. Qxd3 a6 9. h4 c5 10. Nge2 Nc6 11. O-O-O {1-0 (35) Bortnyk,O (2581)-Neiksans,A (2631) Tallinn 2016}) 8. Bxh7 {[%emt 0:06:17]} Nxh7 {[%emt 0:04:51]} 9. h4 {[%emt 0:11:06]} a6 {[%emt 0:01:17]} 10. Qd2 {[%emt 0:04:41]} Nc6 {[%emt 0:00:20]} 11. O-O-O {[%emt 0:01:19]} Qd7 {[%emt 0:03:27]} 12. Nge2 {[%emt 0:06:41]} O-O-O {[%emt 0:04:00]} 13. Kb1 {[%emt 0:03:58]} Kb8 {[%emt 0:00:25]} 14. Nc1 {[%emt 0:05:15]} Na5 {[%emt 0:02:45]} 15. N3e2 {[%emt 0:03:27]} Nc4 {[%emt 0:01:14]} 16. Qc3 {[%emt 0:00:26]} Qb5 {[%emt 0:02:22]} 17. Qb3 {[%emt 0:01:16]} Qa5 {[%emt 0:04:12]} 18. Qd3 {[%emt 0:05:56]} Qb4 {[%emt 0:01:49]} 19. Nb3 {[%emt 0:00:56]} a5 {[%emt 0:00:37]} 20. Qc3 {[%emt 0:03:14]} Qb5 {[%emt 0:01:42]} 21. Nc5 {[%emt 0:02:46]} e5 {[%emt 0:13:58]} 22. a4 {[%emt 0:02:21]} Qb6 {[%emt 0:05:23]} 23. Bg3 {[%emt 0:01:28]} Rhe8 {[%emt 0:00:48]} 24. Nb3 {[%emt 0:03:58]} exd4 {[%emt 0:11:05]} 25. Qxd4 {[%emt 0:01:21]} Qxd4 {[%emt 0:05:23]} 26. Nbxd4 {[%emt 0:01:15]} Rxe3 {[%emt 0:02:01]} 27. b3 {[%emt 0:00:39]} Nb6 {[%emt 0:00:13]} 28. Bf2 {[%emt 0:03:20]} Re7 {[%emt 0:01:34]} 29. Nc3 {[%emt 0:03:40]} Be5 {[%emt 0:07:00]} 30. Nf5 {[%emt 0:01:57]} Red7 {[%emt 0:01:33]} 31. Rd3 {[%emt 0:01:00]} Nc8 {[%emt 0:01:42]} 32. Rhd1 {[%emt 0:00:41]} c6 {[%emt 0:01:14]} 33. Ne2 {[%emt 0:01:04]} Nf6 {[%emt 0:02:13]} 34. Nxg7 {[%emt 0:04:26]} Nxg4 {[%emt 0:00:24]} 35. fxg4 {[%emt 0:00:01]} Bxg7 {[%emt 0:00:10]} 36. Bd4 {[%emt 0:00:31]} Bxd4 {[%emt 0:00:53]} 37. Nxd4 {[%emt 0:00:26]} Rg8 {[%emt 0:00:39]} 38. Rg3 {[%emt 0:00:30]} Nd6 {[%emt 0:00:09]} 39. Kc1 {[%emt 0:01:35]} c5 {[%emt 0:01:57]} 40. Nf3 {[%emt 0:00:20]} Ne4 {[%emt 0:04:25]} 41. Rg2 {[%emt 0:31:19]} d4 {[%emt 0:30:36]} 42. Rf1 {[%emt 0:02:03]} Rd5 {[%emt 0:06:48]} 43. Nd2 {[%emt 0:00:00]} f5 {[%emt 0:00:00]} 44. Rf4 {[%emt 0:00:00]} Nf6 {[%emt 0:00:00]} 45. g5 {[%emt 0:00:00]} Ng4 {[%emt 0:00:00]} 46. gxh6 {[%emt 0:00:00]} Rh8 {[%emt 0:00:00]} 47. Rg1 {[%emt 0:00:00]} Rxh6 {[%emt 0:00:00]} 48. Rh1 {[%emt 0:00:00]} Kc7 {[%emt 0:00:00]} 49. Nc4 {[%emt 0:00:00]} b6 {[%emt 0:00:00]} 50. Kd2 {[%emt 0:00:00]} Nf6 {[%emt 0:00:00]} 51. Rhf1 {[%emt 0:00:00]} Rh5 {[%emt 0:00:00]} 52. Rg1 {[%emt 0:00:00]} Ng4 {[%emt 0:00:00]} 53. Rh1 {[%emt 0:00:00]} Rd7 {[%emt 0:00:00]} 54. Rhf1 {[%emt 0:01:46]} Rd5 {[%emt 0:00:00]} 55. Rh1 {[%emt 0:00:09]} Nf6 {[%emt 0:00:00]} 56. Rg1 {[%emt 0:00:29]} Ne4+ {[%emt 0:00:00]} 57. Kd3 {[%emt 0:00:49]} Rd7 {[%emt 0:00:00]} 58. Rg6 {[%emt 0:00:23]} Nd6 {[%emt 0:00:00]} 59. Rf6 {[%emt 0:01:19]} Nxc4 {[%emt 0:00:00]} 60. Kxc4 {[%emt 0:00:03]} Rdh7 {[%emt 0:00:00]} 61. R6xf5 {[%emt 0:00:26]} Rxf5 {[%emt 0:00:03]} 62. Rxf5 {[%emt 0:00:02]} Rxh4 {[%emt 0:00:06]} 63. Rf7+ {[%emt 0:00:20]} Kd6 {[%emt 0:04:38]} 64. Rf6+ {[%emt 0:01:04]} Ke5 {[%emt 0:00:08]} 65. Rxb6 {[%emt 0:01:14]} Rh2 {[%emt 0:00:23]} 66. Kxc5 {[%emt 0:00:47]} Rxc2+ {[%emt 0:00:07]} 67. Kb5 {[%emt 0:00:43]} d3 {[%emt 0:00:29]} 68. Rb8 {[%emt 0:00:32]} Kd4 {[%emt 0:00:15]} 69. Rd8+ {[%emt 0:01:25]} Kc3 {[%emt 0:00:03]} 70. Kxa5 {[%emt 0:00:21]} d2 {[%emt 0:04:10]} 71. b4 {[%emt 0:00:19]} Kc4 {[%emt 0:00:58]} 72. Rc8+ {[%emt 0:00:50]} Kb3 {[%emt 0:00:00]} 73. Rd8 {[%emt 0:00:06]} Ra2 {[%emt 0:00:13]} 74. Rd3+ {[%emt 0:00:25]} Kc2 {[%emt 0:03:03]} 75. Rd7 {[%emt 0:00:40]} Ra3 {[%emt 0:00:23]} 76. Rxd2+ {[%emt 0:00:24]} Kxd2 {[%emt 0:00:02]} 77. b5 {[%emt 0:01:27]} Kc3 {[%emt 0:00:07]} 78. b6 $11 {[%emt 0:00:17]} Kc4 {[%emt 0:03:51]} 79. b7 {[%emt 0:00:47]} Rb3 {[%emt 0:00:09]} 80. Ka6 {[%emt 0:00:05]} Kc5 {[%emt 0:00:48]} 81. Ka7 {[%emt 0:00:34]} Rxb7+ {[%emt 0:02:47]} 1/2-1/2

[Event "WTCC-65 2018"]
[Site "Radebeul"]
[Date "2018.07.15"]
[Round "9"]
[White "Malmdin, Nils-Ake"]
[Black "Van de Wynkele, Herman"]
[Result "1-0"]
[WhiteElo "2138"]
[BlackElo "2084"]
[Annotator "NA"]
[PlyCount "69"]
[EventDate "2018.07.07"]
[EventType "team-tourn"]
[EventCountry "GER"]
[SourceTitle "playchess.com"]
[Source "ChessBase"]
[SourceQuality "1"]
[TimeControl "40/5400+30:1800+30"]

1. Nf3 {[%emt 0:00:00]} g6 {[%emt 0:00:00]} 2. d4 {[%emt 0:00:46]} Bg7 {[%emt 0:00:00]} 3. e4 {[%emt 0:00:33]} d6 {[%emt 0:00:00]} 4. Bc4 {[%emt 0:03:26]} a6 {[%emt 0:01:26]} 5. a4 {[%emt 0:02:34]} Nf6 {[%emt 0:04:17]} 6. Qe2 {[%emt 0:08:55]} d5 {[%emt 0:04:15]} 7. exd5 {[%emt 0:01:19]} Nxd5 {[%emt 0:00:11]} 8. h3 {[%emt 0:05:47]} Nc6 {[%emt 0:01:00]} 9. c3 {[%emt 0:00:27]} O-O {[%emt 0:00:22]} 10. O-O {[%emt 0:00:23]} Bf5 {[%emt 0:05:55]} 11. Rd1 {[%emt 0:10:35]} Qd6 {[%emt 0:03:31]} 12. Nbd2 {[%emt 0:20:02]} Bc2 {[%emt 0:24:18]} 13. Re1 {[%emt 0:00:13]} Nf4 {[%emt 0:08:20]} 14. Qf1 {[%emt 0:00:30]} Qf6 {[%emt 0:11:05]} 15. g3 {[%emt 0:14:59]} Nh5 {[%emt 0:05:02]} 16. Kg2 {[%emt 0:06:17]} Qd6 {[%emt 0:08:08]} 17. b4 {[%emt 0:02:31]} e5 {[%emt 0:01:35]} 18. b5 {[%emt 0:09:33]} axb5 {[%emt 0:00:16]} 19. dxe5 {[%emt 0:02:06]} Nxe5 {[%emt 0:00:17]} 20. Ba3 {[%emt 0:00:26]} Qf6 {[%emt 0:06:14]} 21. Bxb5 {[%emt 0:02:31]} Nxf3 {[%emt 0:05:21]} 22. Nxf3 {[%emt 0:00:01]} c6 {[%emt 0:04:43]} 23. Bxf8 {[%emt 0:00:25]} Rxf8 {[%emt 0:01:08]} 24. Bc4 {[%emt 0:00:28]} Qxc3 {[%emt 0:01:25]} 25. Rac1 {[%emt 0:00:21]} Bh6 {[%emt 0:00:59]} 26. Qe2 {[%emt 0:00:15]} Bxc1 {[%emt 0:01:22]} 27. Rxc1 {[%emt 0:00:01]} b5 {[%emt 0:01:29]} 28. Rxc2 {[%emt 0:00:17]} Qf6 {[%emt 0:00:05]} 29. axb5 {[%emt 0:00:28]} cxb5 30. Bxb5 {[%emt 0:00:14]} Rd8 {[%emt 0:00:42]} 31. Qe5 {[%emt 0:01:21]} Qb6 {[%emt 0:00:30]} 32. Rc7 {[%emt 0:01:07]} Ng7 {[%emt 0:00:20]} 33. Qe7 {[%emt 0:01:36]} Rf8 {[%emt 0:00:24]} 34. Bc4 {[%emt 0:00:50]} Nf5 {[%emt 0:01:02]} 35. Bxf7+ {[%emt 0:00:37]} 1-0

[Event "WTCC-65 2018"]
[Site "Radebeul"]
[Date "2018.07.15"]
[Round "9"]
[White "Nevednichy, Boris M"]
[Black "Klundt, Klaus"]
[Result "1/2-1/2"]
[WhiteElo "2115"]
[BlackElo "2318"]
[Annotator "NA"]
[PlyCount "76"]
[EventDate "2018.07.07"]
[EventType "team-tourn"]
[EventCountry "GER"]
[SourceTitle "playchess.com"]
[Source "ChessBase"]
[SourceQuality "1"]
[TimeControl "40/5400+30:1800+30"]

1. e4 {[%emt 0:00:00]} c5 {[%emt 0:00:00]} 2. Nc3 {[%emt 0:00:00]} e6 {[%emt 0:00:09]} 3. Nge2 {[%emt 0:00:12]} Nc6 {[%emt 0:00:20]} 4. g3 {[%emt 0:00:27]} Nf6 {[%emt 0:03:07]} 5. Bg2 {[%emt 0:00:18]} d5 6. exd5 {[%emt 0:00:13]} exd5 {[%emt 0:04:17]} 7. O-O {[%emt 0:03:32]} d4 {[%emt 0:04:53]} 8. Ne4 {[%emt 0:00:12]} Nxe4 {[%emt 0:00:54]} 9. Bxe4 Bd6 10. d3 {[%emt 0:02:03]} O-O {[%emt 0:01:04]} 11. Nf4 {[%emt 0:03:22]} Ne5 {[%emt 0:02:08]} 12. h3 {[%emt 0:02:05]} Re8 {[%emt 0:04:33]} 13. Bg2 {[%emt 0:03:22]} Rb8 {[%emt 0:02:51]} 14. Nd5 {[%emt 0:09:56]} Be6 {[%emt 0:02:22]} 15. Nf4 {[%emt 0:02:40]} Bd7 {[%emt 0:01:01]} 16. c3 {[%emt 0:13:27]} dxc3 {[%emt 0:02:00]} 17. bxc3 {[%emt 0:00:05]} Bc6 {[%emt 0:00:33]} 18. d4 {[%emt 0:00:55]} cxd4 {[%emt 0:03:23]} 19. cxd4 {[%emt 0:00:16]} Bxg2 {[%emt 0:01:01]} 20. Nxg2 {[%emt 0:04:47]} Nc6 {[%emt 0:06:50]} 21. Qg4 {[%emt 0:05:57]} Qf6 {[%emt 0:02:46]} 22. Be3 {[%emt 0:01:44]} Nb4 {[%emt 0:06:48]} 23. a4 {[%emt 0:07:07]} Nd5 {[%emt 0:02:56]} 24. Rfe1 {[%emt 0:03:01]} Qe6 {[%emt 0:04:14]} 25. Bd2 {[%emt 0:03:07]} Qxg4 {[%emt 0:00:57]} 26. hxg4 {[%emt 0:00:31]} Kf8 {[%emt 0:04:37]} 27. Ne3 {[%emt 0:00:32]} Nxe3 {[%emt 0:01:33]} 28. Bxe3 {[%emt 0:00:15]} b6 {[%emt 0:01:05]} 29. Kg2 {[%emt 0:00:52]} Rbc8 {[%emt 0:00:38]} 30. Rec1 {[%emt 0:01:51]} Ke7 {[%emt 0:01:17]} 31. Kf3 {[%emt 0:02:11]} Kd7 {[%emt 0:00:26]} 32. g5 {[%emt 0:05:17]} Rxc1 {[%emt 0:01:03]} 33. Rxc1 {[%emt 0:00:02]} Rc8 {[%emt 0:00:12]} 34. Rxc8 {[%emt 0:05:41]} Kxc8 {[%emt 0:00:06]} 35. Ke4 {[%emt 0:00:10]} Kd7 {[%emt 0:01:18]} 36. Kd5 {[%emt 0:00:09]} a6 37. Kc4 {[%emt 0:01:47]} Be7 {[%emt 0:02:14]} 38. d5 {[%emt 0:01:40]} Bd8 {[%emt 0:00:36]} 1/2-1/2